Missing Word: What About Bob? Quiz Stats

 Plays Quiz Updated Nov 29, 2016

Challenge
Share
Tweet
Embed
Score 0/20 Timer 02:00
3 Plays Today
‘Bob’ Term Word % Correct
Bob______sleigh
96.3%
Bobbing for ______apples
92.1%
______ Bob ThorntonBilly
92.1%
Bob the ______Builder
88.9%
Bobby ______pin
87.1%
______amabobThing
85.9%
______BobSponge
85.7%
The Bob ______ ShowNewhart
67%
Bob and ______weave
57.3%
Bob’s ______Burgers
50.4%
‘Bob’ Term Word % Correct
Bob’s your ______!uncle
50.4%
Bob & Carol & Ted & ______Alice
47.7%
Bob ______Evans
45.9%
______ and bobberHook
40%
______ bobPlumb
32.7%
Bob______cat
32.5%
______ and bobsBits
27.4%
Bob______white
24.4%
Not be short of a bob or ______two
16.7%
______bobSki
6.5%

Today's Daily Dose

You're not logged in!

Compare scores with friends on all Sporcle quizzes.
OR
Log In

You Might Also Like...

Show Comments

Extras

Top Quizzes Today


Score Distribution

Your Account Isn't Verified!

In order to create a playlist on Sporcle, you need to verify the email address you used during registration. Go to your Sporcle Settings to finish the process.

Report this User

Report this user for behavior that violates our Community Guidelines.

Details: